000 00683nam a2200253Ia 4500
008 160621s9999 xx 000 0 und d
020 _a1-904467-37-3
050 _aComSc TR 267.5
050 _b.A33C43 2003
100 _aChasemore, R.
245 _aPhotoshop elements :
245 _bright from the start /
245 _cR. Chasemore.
260 _aGreat Britain :
260 _bPayne-Gallway Pub. Limited.,
260 _c2003
300 _a144 pages :
300 _bcolor illustrations ;
300 _c25 cm.
500 _aIncludes index.
650 _aAdobe Photoshop elements.
650 _aComputer graphics.
650 _xPhotography -- Digital techniques.
999 _c296092
_d296092